000 00231 a2200085 4500
020 _a9783319879222
100 _aSARA HUGHES, ERIK E. CHU
245 _aCLIMATE CHANGE IN CITIES: INNOVATION IN MULTI-LEVEL GOVERNANCE
260 _bSPRINGER
999 _c13042
_d13042